[Event "Oberfranken-ch"]
[Site "Schney"]
[Date "2020.01.05"]
[Round "5"]
[White "Daum, Matthias"]
[Black "Schulz, Horst"]
[Result "1-0"]
[WhiteElo "1918"]
[BlackElo "1762"]
[PlyCount "121"]
[EventDate "2020.01.03"]
[EventType "swiss"]
[EventRounds "7"]
[EventCountry "GER"]
[SourceTitle "CBM 194 Extra"]
[Source "ChessBase"]
[SourceDate "2020.03.31"]
[SourceVersion "1"]
[SourceVersionDate "2020.03.31"]
[SourceQuality "1"]

1. c4 g6 2. d4 Bg7 3. Nf3 Nf6 4. Bf4 d6 5. Nc3 b6 6. e3 Bb7 7. Be2 Nbd7 8. 0-0 0-0 9. h3 Re8 10. d5 Nc5 11. Rc1 a5 12. Qc2 e5 13. Bg5 Qb8 14. a3 Nfd7 15. Nd2 f5 16. g4 h6 17. Bh4 g5 18. Bg3 f4 19. Bh2 Rf8 20. b4 axb4 21. axb4 Na6 22. Rb1 Qd8 23. Bd3 Nab8 24. Bf5 Nf6 25. Ra1 Nbd7 26. Nb5 Qb8 27. Rxa8 Bxa8 28. Ra1 c6 29. dxc6 Bxc6 30. Qd3 Ne8 31. Na7 Qb7 32. b5 Bh1 33. e4 Nc5 34. Qd5+ Qxd5 35. cxd5 Bxe4 36. Bxe4 Nc7 37. Nc6 Nxe4 38. Nxe4 Nxd5 39. Ra7 Rc8 40. Nxd6 Rc7 41. Rxc7 Nxc7 42. f3 Bf8 43. Ne4 Nxb5 44. Nxe5 Nd4 45. Kg2 Bg7 46. Nd3 b5 47. Bg1 Nc2 48. Bc5 Kh7 49. Nd6 Bd4 50. Nxb5 Be3 51. Bxe3 Nxe3+ 52. Kf2 Kg6 53. Nd4 Nd5 54. Ne5+ Kf6 55. Nc4 Kg6 56. Ke2 Ne7 57. Kd3 h5 58. Ke4 hxg4 59. hxg4 Kf6 60. Nb6 Ng6 61. Nd5+ 1-0

[Event "Oberfranken-ch"]
[Site "Schney"]
[Date "2019.01.05"]
[Round "6"]
[White "Schulz, Horst"]
[Black "Bauschke, Norman"]
[Result "1-0"]
[WhiteElo "1750"]
[BlackElo "1635"]
[PlyCount "69"]
[EventDate "2019.01.03"]
[EventType "swiss"]
[EventRounds "7"]
[EventCountry "GER"]
[SourceTitle "CBM 188 Extra"]
[Source "ChessBase"]
[SourceDate "2019.02.28"]
[SourceVersion "1"]
[SourceVersionDate "2019.02.28"]
[SourceQuality "1"]

1. d4 Nf6 2. e3 g6 3. c4 Bg7 4. Bd3 0-0 5. Nf3 d6 6. h3 b6 7. Nc3 Bb7 8. 0-0 Re8 9. d5 c6 10. e4 Na6 11. Bg5 Nc5 12. Bc2 cxd5 13. cxd5 h6 14. Bh4 a5 15. Re1 Nfd7 16. Qd2 Ba6 17. Rab1 Ne5 18. Nxe5 dxe5 19. Rbd1 Qd6 20. Bg3 Kh7 21. f4 Rad8 22. f5 e6 23. Bf2 exf5 24. exf5 h5 25. g4 hxg4 26. hxg4 Rh8 27. fxg6+ fxg6 28. Bg3 Rde8 29. a3 Nd7 30. Ne4 Qe7 31. Bb3 Bf6 32. g5 Bxg5 33. Nxg5+ Kg7 34. Ne6+ Kg8 35. d6 1-0

[Event "Oberfranken-ch"]
[Site "Schney"]
[Date "2018.01.06"]
[Round "7.19"]
[White "Schulz, Horst"]
[Black "Stephan, Thanh Hai"]
[Result "1-0"]
[WhiteElo "1758"]
[BlackElo "1220"]
[PlyCount "43"]
[EventDate "2018.01.03"]
[EventType "swiss"]
[EventRounds "7"]
[EventCountry "GER"]
[SourceTitle "EXT 2022"]
[Source "ChessBase"]
[SourceDate "2021.10.06"]
[SourceVersion "1"]
[SourceVersionDate "2021.10.06"]
[SourceQuality "1"]

1. d4 d5 2. e3 e6 3. Bd3 Bd6 4. f4 f5 5. Nf3 Nf6 6. 0-0 0-0 7. Bd2 Nbd7 8. Be1 Ne4 9. Nbd2 Ndf6 10. Bh4 Bd7 11. Ne5 Be8 12. Rc1 Rc8 13. Nxe4 fxe4 14. Be2 Bf7 15. Bg4 Qe7 16. Bxf6 gxf6 17. Nxf7 Rxf7 18. c4 c6 19. cxd5 f5 20. dxe6 Qxe6 21. Be2 Rg7 22. Bc4 1-0

[Event "Oberfranken-ch"]
[Site "Schney"]
[Date "2017.01.05"]
[Round "6"]
[White "Geisensetter, Franz"]
[Black "Schulz, Horst"]
[Result "1-0"]
[WhiteElo "2066"]
[BlackElo "1745"]
[PlyCount "120"]
[EventDate "2017.01.03"]
[EventType "swiss"]
[EventRounds "7"]
[EventCountry "GER"]
[SourceTitle "CBM 176 Extra"]
[Source "ChessBase"]
[SourceDate "2017.03.02"]
[SourceVersion "1"]
[SourceVersionDate "2017.03.02"]
[SourceQuality "1"]

1. e4 d5 2. exd5 Nf6 3. Bb5+ Bd7 4. Bc4 b5 5. Bb3 Bf5 6. Qf3 Be4 7. Qg3 Bxd5 8. Bxd5 Nxd5 9. Ne2 g6 10. Qe5 Nf6 11. Qxb5+ Nbd7 12. d4 Bg7 13. 0-0 0-0 14. Qd3 Qc8 15. c3 e6 16. Bf4 Qb7 17. Nd2 Nh5 18. Be3 Rad8 19. Qc2 Nb6 20. Nb3 Nd5 21. Bd2 e5 22. c4 Ndf4 23. Nxf4 exf4 24. d5 Qc8 25. f3 c6 26. Bb4 Rfe8 27. d6 Rd7 28. Rad1 Rb7 29. a3 Re3 30. Nc5 Rb8 31. b3 Qd8 32. Qd2 a5 33. Bxa5 Qg5 34. Bb4 Bf6 35. Ne4 Qe5 36. Nxf6+ Nxf6 37. Qd4 Qxd4 38. Rxd4 Nd7 39. Re4 c5 40. Bd2 Rexb3 41. Bxf4 Rxa3 42. Bh6 Rd3 43. Rfe1 Nf6 44. Re7 Rxd6 45. Bf4 Rbd8 46. Bxd6 Rxd6 47. Rc7 Rd4 48. Rxc5 Nd7 49. Rd5 Rxd5 50. cxd5 Kf8 51. Kf2 f6 52. Re3 g5 53. Ke2 Ne5 54. Ra3 h5 55. Ra7 Ng6 56. g3 f5 57. Ke3 Ne5 58. Rh7 g4 59. Rxh5 gxf3 60. Rxf5+ Ke7 1-0

[Event "Forchheim op-B 15th"]
[Site "Forchheim"]
[Date "2016.10.03"]
[Round "5"]
[White "Loeke, Patrick"]
[Black "Schulz, Horst"]
[Result "1-0"]
[WhiteElo "1921"]
[BlackElo "1739"]
[PlyCount "21"]
[EventDate "2016.10.01"]
[EventType "swiss"]
[EventRounds "5"]
[EventCountry "GER"]
[SourceTitle "EXT 2019"]
[Source "ChessBase"]
[SourceDate "2018.10.10"]
[SourceVersion "1"]
[SourceVersionDate "2018.10.10"]
[SourceQuality "1"]

1. d4 d5 2. c4 c6 3. Nf3 Nf6 4. Nc3 e6 5. e3 Bd6 6. Qc2 Nbd7 7. b3 b6 8. cxd5 cxd5 9. Nb5 Bb8 10. Ba3 Nf8 11. Qc6+ 1-0

[Event "Pyramiden Franken Cup"]
[Site "Fuerth"]
[Date "2016.09.04"]
[Round "6"]
[White "Thesing, Ansgar"]
[Black "Schulz, Horst"]
[Result "1-0"]
[WhiteElo "1983"]
[BlackElo "1739"]
[PlyCount "59"]
[EventDate "2016.09.01"]
[EventType "swiss"]
[EventRounds "7"]
[EventCountry "GER"]
[SourceTitle "CBM 174 Extra"]
[Source "ChessBase"]
[SourceDate "2016.10.10"]
[SourceVersion "1"]
[SourceVersionDate "2016.10.10"]
[SourceQuality "1"]

1. e4 d5 2. exd5 Nf6 3. d4 Nxd5 4. c4 Nf6 5. Nf3 c6 6. Nc3 Bg4 7. Be2 e6 8. 0-0 Be7 9. h3 Bh5 10. Be3 0-0 11. g4 Bg6 12. Ne5 Bd6 13. Nxg6 hxg6 14. g5 Nh7 15. Ne4 Bc7 16. Bg4 Nd7 17. Qd2 Qe7 18. Rac1 f5 19. gxf6 Nhxf6 20. Nxf6+ gxf6 21. Bf4 Bxf4 22. Qxf4 f5 23. Bf3 e5 24. Qg3 Rf7 25. d5 e4 26. dxc6 Ne5 27. cxb7 Nxf3+ 28. Qxf3 exf3 29. bxa8Q+ Kg7 30. Qxf3 1-0

[Event "Regionalliga NW 1516"]
[Site "Bayern"]
[Date "2016.02.21"]
[Round "7.8"]
[White "Doleschal, Johannes"]
[Black "Schulz, Horst"]
[Result "1-0"]
[WhiteElo "1834"]
[BlackElo "1643"]
[PlyCount "103"]
[EventDate "2015.10.11"]
[EventType "team-tourn"]
[EventRounds "9"]
[EventCountry "GER"]
[SourceTitle "EXT 2018"]
[Source "ChessBase"]
[SourceDate "2017.10.13"]
[SourceVersion "1"]
[SourceVersionDate "2017.10.13"]
[SourceQuality "1"]
[WhiteTeam "Kirchenlaibach"]
[BlackTeam "Hoechstadt/Aisch"]
[WhiteTeamCountry "GER"]
[BlackTeamCountry "GER"]

1. d4 d5 2. c4 c6 3. Nf3 Nf6 4. e3 Bg4 5. h3 Bh5 6. Nbd2 Qa5 7. Bd3 e6 8. 0-0 Nbd7 9. Qc2 Qc7 10. cxd5 exd5 11. e4 dxe4 12. Bxe4 0-0-0 13. Bf5 Bd6 14. Qd3 Kb8 15. Nc4 Bf4 16. Bd2 Bxd2 17. Ncxd2 Nc5 18. Qa3 Ne6 19. Bxe6 fxe6 20. Rfe1 Rhe8 21. Re5 h6 22. Rae1 Bf7 23. R5e2 g5 24. Nc4 g4 25. hxg4 Nxg4 26. Nce5 Nxe5 27. Rxe5 Qd7 28. Qe3 Rh8 29. Qf4 Kc8 30. d5 Rdf8 31. dxc6 bxc6 32. Qc4 Rd8 33. Rc1 Qb7 34. Nd4 Kd7 35. Nxc6 Rc8 36. Rc5 Ke8 37. b4 Rg8 38. b5 Rg7 39. Rd1 Kf8 40. Qd4 Be8 41. Qd6+ Kg8 42. Qxe6+ Kh7 43. a4 Bxc6 44. Rxc6 Rxc6 45. bxc6 Qb2 46. Rd7 Qc1+ 47. Kh2 Qf4+ 48. Kh3 Qxa4 49. Qf5+ Kh8 50. Rd8+ Rg8 51. Qf6+ Kh7 52. Rd7+ 1-0

[Event "Regionalliga NW 1516"]
[Site "Bayern"]
[Date "2015.10.25"]
[Round "2.7"]
[White "Schulz, Horst"]
[Black "Federschmidt, Ralf"]
[Result "1/2-1/2"]
[WhiteElo "1643"]
[BlackElo "1771"]
[PlyCount "36"]
[EventDate "2015.10.11"]
[EventType "team-tourn"]
[EventRounds "9"]
[EventCountry "GER"]
[SourceTitle "EXT 2018"]
[Source "ChessBase"]
[SourceDate "2017.10.13"]
[SourceVersion "1"]
[SourceVersionDate "2017.10.13"]
[SourceQuality "1"]
[WhiteTeam "Hoechstadt/Aisch"]
[BlackTeam "Bad Neustadt"]
[WhiteTeamCountry "GER"]
[BlackTeamCountry "GER"]

1. d4 d5 2. e3 Nf6 3. Bd3 e6 4. f4 c5 5. c3 Nc6 6. Nf3 c4 7. Bc2 b5 8. 0-0 Bb7 9. Ne5 Be7 10. Rf3 g6 11. Nd2 Qa5 12. a3 0-0 13. Rh3 h5 14. Nxg6 fxg6 15. Bxg6 Kg7 16. Bxh5 Rh8 17. Qf3 Rag8 18. Bg4 Kf7 1/2-1/2

[Event "Forchheim op-B 14th"]
[Site "Forchheim"]
[Date "2015.10.04"]
[Round "4"]
[White "Schulz, Horst"]
[Black "Gugenberger, Uwe"]
[Result "1/2-1/2"]
[WhiteElo "1717"]
[BlackElo "1942"]
[PlyCount "29"]
[EventDate "2015.10.02"]
[EventType "swiss"]
[EventRounds "5"]
[EventCountry "GER"]
[SourceTitle "EXT 2019"]
[Source "ChessBase"]
[SourceDate "2018.10.10"]
[SourceVersion "1"]
[SourceVersionDate "2018.10.10"]
[SourceQuality "1"]

1. d4 d5 2. e3 Nf6 3. f4 c5 4. c3 Nc6 5. Bd3 c4 6. Bc2 Bg4 7. Nf3 e6 8. Nbd2 Be7 9. 0-0 b5 10. Qe1 Bxf3 11. Rxf3 0-0 12. e4 Re8 13. Rh3 h6 14. e5 Nh7 15. Qg3 1/2-1/2

[Event "Forchheim op-B 14th"]
[Site "Forchheim"]
[Date "2015.10.04"]
[Round "5"]
[White "Waertsch, Michael"]
[Black "Schulz, Horst"]
[Result "1-0"]
[WhiteElo "1866"]
[BlackElo "1717"]
[PlyCount "103"]
[EventDate "2015.10.02"]
[EventType "swiss"]
[EventRounds "5"]
[EventCountry "GER"]
[SourceTitle "EXT 2019"]
[Source "ChessBase"]
[SourceDate "2018.10.10"]
[SourceVersion "1"]
[SourceVersionDate "2018.10.10"]
[SourceQuality "1"]

1. e4 d5 2. exd5 Nf6 3. Nf3 Nxd5 4. d4 Bf5 5. Bd3 Bg4 6. c3 c6 7. Qb3 Qb6 8. Ne5 Be6 9. Qxb6 Nxb6 10. Bf4 N8d7 11. 0-0 0-0-0 12. Nd2 f6 13. Nxd7 Bxd7 14. Nc4 g5 15. Nxb6+ axb6 16. Be3 h5 17. a4 Bh6 18. a5 bxa5 19. Rxa5 g4 20. Re1 Bxe3 21. Rxe3 e6 22. Bc4 Rde8 23. Kf1 Kc7 24. b4 h4 25. Ra7 Re7 26. Bd3 h3 27. g3 Rh5 28. Ra8 Rg5 29. Rf8 f5 30. Bxf5 Kd6 31. Bd3 b5 32. Be2 e5 33. dxe5+ Rexe5 34. Rxe5 Kxe5 35. f4+ gxf3 36. Bxf3 Kd6 37. Kf2 c5 38. Rh8 cxb4 39. cxb4 Rg6 40. Rh4 Rf6 41. Rf4 Rf5 42. Rxf5 Bxf5 43. g4 Bd3 44. Be2 Bc4 45. Bxc4 bxc4 46. g5 Ke6 47. b5 c3 48. Ke2 Kf5 49. b6 Kxg5 50. b7 c2 51. Kd2 Kf4 52. b8Q+ 1-0

[Event "Forchheim op-B 14th"]
[Site "Forchheim"]
[Date "2015.10.03"]
[Round "3"]
[White "Kaufmann, Rolf"]
[Black "Schulz, Horst"]
[Result "1-0"]
[WhiteElo "1910"]
[BlackElo "1717"]
[PlyCount "66"]
[EventDate "2015.10.02"]
[EventType "swiss"]
[EventRounds "5"]
[EventCountry "GER"]
[SourceTitle "EXT 2019"]
[Source "ChessBase"]
[SourceDate "2018.10.10"]
[SourceVersion "1"]
[SourceVersionDate "2018.10.10"]
[SourceQuality "1"]

1. e4 d5 2. exd5 Nf6 3. Bb5+ Bd7 4. Bc4 b5 5. Bb3 a5 6. a3 Bg4 7. f3 Bf5 8. Nc3 a4 9. Ba2 Qd7 10. Nge2 e5 11. dxe6 fxe6 12. 0-0 Bc5+ 13. d4 Bb6 14. Kh1 Na6 15. Bf4 0-0-0 16. Be5 b4 17. axb4 Nxb4 18. Bb1 Nfd5 19. Qc1 h5 20. Nxa4 Rhg8 21. c4 Bxb1 22. Qxb1 Ne3 23. Qe4 Nbd5 24. Nxb6+ cxb6 25. Rfc1 Kb7 26. cxd5 Nxd5 27. Rc7+ Qxc7 28. Bxc7 Kxc7 29. Ra7+ Kb8 30. Rf7 g5 31. Qh7 h4 32. Rb7+ Kc8 33. Ra7 Nf6 1-0

[Event "Forchheim op-B 14th"]
[Site "Forchheim"]
[Date "2015.10.02"]
[Round "1"]
[White "Scheuerer, Werner"]
[Black "Schulz, Horst"]
[Result "1-0"]
[WhiteElo "1865"]
[BlackElo "1717"]
[PlyCount "133"]
[EventDate "2015.10.02"]
[EventType "swiss"]
[EventRounds "5"]
[EventCountry "GER"]
[SourceTitle "EXT 2019"]
[Source "ChessBase"]
[SourceDate "2018.10.10"]
[SourceVersion "1"]
[SourceVersionDate "2018.10.10"]
[SourceQuality "1"]

1. f4 d5 2. Nf3 Nf6 3. g3 Bf5 4. Bg2 e6 5. b3 Nc6 6. Bb2 Bc5 7. d4 Bb4+ 8. c3 Ba5 9. a4 Bb6 10. Ne5 Nxe5 11. fxe5 Ne4 12. a5 Bc5 13. dxc5 Nxc5 14. 0-0 0-0 15. Nd2 c6 16. Ba3 b6 17. Bxc5 bxc5 18. c4 Bg6 19. Qc1 Rc8 20. Nf3 h6 21. Rd1 Qc7 22. cxd5 cxd5 23. Qb2 Qb8 24. Qc3 Rfd8 25. Ra4 Rc7 26. Nd2 Rdc8 27. e4 d4 28. Qc2 Rb7 29. Rc4 Qxe5 30. Rc1 Rb5 31. b4 Qg5 32. Qd3 h5 33. Nf3 Qh6 34. bxc5 Qe3+ 35. Qxe3 dxe3 36. Ne1 Rxa5 37. Kf1 e5 38. Ke2 Ra2+ 39. Kxe3 f6 40. c6 Rc7 41. R1c2 Ra6 42. Bh3 Bf7 43. R4c3 g5 44. Bd7 Ra4 45. Nd3 Kf8 46. Nc5 Ra1 47. Ne6+ Bxe6 48. Bxe6 a5 49. Rb3 Ke7 50. Bd7 a4 51. Rb7 Kd8 52. Rb8+ Ke7 53. Ra8 a3 54. Kd3 Kd6 55. Kc3 Re1 56. Ra4 Re3+ 57. Kd2 Rb3 58. Ra2 Rf3 59. R4xa3 Rf1 60. Ra7 Rh1 61. Rxc7 Rxh2+ 62. Kc3 Rxa2 63. Rb7 Ra5 64. Kc4 Ra3 65. Be8 Rxg3 66. c7 Rg1 67. c8Q 1-0

[Event "Oberfranken-ch"]
[Site "Schney"]
[Date "2015.01.04"]
[Round "3"]
[White "Grosshans, Ralf Michael"]
[Black "Schulz, Horst"]
[Result "1-0"]
[WhiteElo "2124"]
[BlackElo "1731"]
[PlyCount "112"]
[EventDate "2015.01.03"]
[EventType "swiss"]
[EventRounds "7"]
[EventCountry "GER"]
[SourceTitle "CBM 164 Extra"]
[Source "ChessBase"]
[SourceDate "2015.03.02"]
[SourceVersion "1"]
[SourceVersionDate "2015.03.02"]
[SourceQuality "1"]

1. e4 e5 2. Nf3 Nc6 3. Bb5 d6 4. 0-0 Nf6 5. Re1 Bg4 6. c3 a6 7. Ba4 b5 8. Bb3 Na5 9. Bc2 c5 10. d3 Be7 11. Nbd2 0-0 12. h3 Bh5 13. Nf1 h6 14. Ng3 Bg6 15. Nh4 Nh7 16. Nhf5 Bg5 17. Ne3 Nf6 18. Qf3 Ra7 19. Ngf5 Rd7 20. h4 Bf4 21. g3 Bh5 22. Qg2 Bxe3 23. Bxe3 Kh8 24. f3 Bg6 25. g4 Bxf5 26. exf5 Nd5 27. Bf2 f6 28. Bg3 Qb6 29. Kh2 Qd8 30. Qd2 Qa8 31. a3 c4 32. Rad1 Nb6 33. Qf2 Qb7 34. d4 Rfd8 35. d5 Nc8 36. Be4 Nb3 37. Qe2 Ne7 38. Bf2 Ng8 39. Be3 Rf8 40. Rh1 Qc7 41. Kg3 Nc5 42. Rh3 Nxe4+ 43. fxe4 g5 44. hxg5 fxg5 45. Bxg5 Kg7 46. Bc1 Rf6 47. Rdh1 Qa7 48. Be3 Qb8 49. Qd2 Qf8 50. g5 Rxf5 51. exf5 Qxf5 52. Qf2 Qd3 53. Qf3 e4 54. gxh6+ Kh7 55. Qf5+ Kh8 56. Kf4 Qxe3+ 1-0

[Event "Oberfranken-ch"]
[Site "Schney"]
[Date "2015.01.03"]
[Round "1"]
[White "Warschak, Siegfried"]
[Black "Schulz, Horst"]
[Result "0-1"]
[WhiteElo "1167"]
[BlackElo "1731"]
[PlyCount "80"]
[EventDate "2015.01.03"]
[EventType "swiss"]
[EventRounds "7"]
[EventCountry "GER"]
[SourceTitle "CBM 164 Extra"]
[Source "ChessBase"]
[SourceDate "2015.03.02"]
[SourceVersion "1"]
[SourceVersionDate "2015.03.02"]
[SourceQuality "1"]

1. d4 d5 2. Nc3 Nf6 3. g3 Bf5 4. Bg2 e6 5. Nf3 c5 6. Bg5 h6 7. Bxf6 Qxf6 8. 0-0 Nc6 9. e3 Bg4 10. Nb5 Qd8 11. h3 Bh5 12. Qd2 Qb6 13. Nc3 Bxf3 14. Bxf3 cxd4 15. Ne2 dxe3 16. fxe3 Bc5 17. Kg2 0-0 18. Bh5 Bxe3 19. Qc3 Rac8 20. Rf3 d4 21. Qa3 Ne5 22. Rff1 Rxc2 23. Qe7 Rxe2+ 24. Bxe2 Qxb2 25. Rfe1 d3 26. Rab1 Qxa2 27. Qd6 Qa5 28. Bxd3 Rd8 29. Rb5 Qd2+ 30. Re2 Rxd6 31. Rxd2 Bxd2 32. Bb1 Ng6 33. Rxb7 Be3 34. Rb8+ Kh7 35. h4 h5 36. Kf3 Bb6 37. g4 hxg4+ 38. Kxg4 f5+ 39. Kg5 Be3+ 40. Kh5 Rd4 0-1

[Event "Forchheim op-B 13th"]
[Site "Forchheim"]
[Date "2014.10.03"]
[Round "2"]
[White "Halfmann, Peter"]
[Black "Schulz, Horst"]
[Result "1/2-1/2"]
[WhiteElo "1862"]
[BlackElo "1728"]
[PlyCount "34"]
[EventDate "2014.10.03"]
[EventType "swiss"]
[EventRounds "5"]
[EventCountry "GER"]
[SourceTitle "EXT 2019"]
[Source "ChessBase"]
[SourceDate "2018.10.10"]
[SourceVersion "1"]
[SourceVersionDate "2018.10.10"]
[SourceQuality "1"]

1. d4 d5 2. Nf3 Nf6 3. Bg5 e6 4. e3 Be7 5. Nbd2 0-0 6. Bd3 Nbd7 7. 0-0 c5 8. c3 Qc7 9. Re1 Bd6 10. e4 dxe4 11. Nxe4 Nxe4 12. Bxe4 cxd4 13. cxd4 h6 14. Bh4 f5 15. Rc1 Qb6 16. Bb1 g5 17. Nxg5 hxg5 1/2-1/2

[Event "Forchheim op-B 12th"]
[Site "Forchheim"]
[Date "2013.09.28"]
[Round "3"]
[White "Schulz, Horst"]
[Black "Brandenburger, Uwe"]
[Result "0-1"]
[WhiteElo "1717"]
[BlackElo "2020"]
[PlyCount "134"]
[EventDate "2013.09.27"]
[EventType "swiss"]
[EventRounds "5"]
[EventCountry "GER"]
[SourceTitle "EXT 2019"]
[Source "ChessBase"]
[SourceDate "2018.10.10"]
[SourceVersion "1"]
[SourceVersionDate "2018.10.10"]
[SourceQuality "1"]

1. d4 Nf6 2. e3 d5 3. Bd3 g6 4. Nf3 Bg7 5. Nbd2 0-0 6. 0-0 Re8 7. c4 c6 8. Nb3 Nbd7 9. Bd2 Ne4 10. cxd5 cxd5 11. Rc1 b6 12. Qc2 Bb7 13. Qc7 Nd6 14. Qxd8 Rexd8 15. Rc7 a5 16. Rfc1 Rac8 17. Rxc8 Rxc8 18. Rxc8+ Bxc8 19. Bc3 f6 20. Kf1 Kf7 21. h3 h6 22. Nh4 Nf8 23. Nf3 h5 24. Nfd2 Bb7 25. a3 e5 26. Ke1 Ne6 27. Be2 Bc6 28. Nf3 e4 29. Nfd2 f5 30. Nc1 Bb5 31. g3 Bf8 32. Nb1 Bxe2 33. Nxe2 g5 34. b4 a4 35. Bd2 b5 36. Nbc3 Nc7 37. h4 gxh4 38. Nf4 Bh6 39. Nxh5 Kg6 40. Nf4+ Bxf4 41. gxf4 Kh5 42. Kf1 Kg4 43. Kg2 Nc4 44. Bc1 h3+ 45. Kh2 Nd6 46. Bd2 Nde8 47. Be1 Nd6 48. Bd2 Kf3 49. Kxh3 Kxf2 50. Kh4 Nc4 51. Bc1 Nxa3 52. Bxa3 Kxe3 53. Kg5 Kxd4 54. Ne2+ Ke3 55. Ng3 Kf3 56. Nxf5 e3 57. Nh4+ Kf2 58. Kg4 d4 59. f5 d3 60. f6 d2 61. f7 d1Q+ 62. Kf5 Qd5+ 63. Kg6 Qxf7+ 64. Kxf7 e2 65. Bb2 e1Q 66. Bd4+ Ke2 67. Ng6 Qxb4 0-1

[Event "Oberfranken-ch 1213"]
[Site "Schney"]
[Date "2013.01.05"]
[Round "6"]
[White "Schulz, Horst"]
[Black "Schuepferling, Patrick"]
[Result "1-0"]
[WhiteElo "1565"]
[BlackElo "1488"]
[PlyCount "78"]
[EventDate "2013.01.03"]
[EventType "swiss"]
[EventRounds "7"]
[EventCountry "GER"]
[SourceTitle "EXT 2015"]
[Source "ChessBase"]
[SourceDate "2014.11.20"]
[SourceVersion "1"]
[SourceVersionDate "2014.11.20"]
[SourceQuality "1"]

1. d4 d5 2. e3 Nf6 3. Bd3 e6 4. f4 c5 5. c3 Bd7 6. Nf3 Nc6 7. 0-0 Rc8 8. Ne5 cxd4 9. exd4 g6 10. Be3 Bg7 11. Nd2 0-0 12. Nb3 b6 13. Nd2 Ne8 14. Ndf3 Nxe5 15. Nxe5 Nd6 16. Qe2 Qe8 17. Rae1 Bb5 18. Bxb5 Qxb5 19. g4 Qxe2 20. Rxe2 Ne4 21. Nd3 a5 22. Ne5 Rc7 23. Kg2 Rfc8 24. Kf3 b5 25. Nd3 Bf8 26. a3 Bxa3 27. bxa3 Rxc3 28. Nc5 Nxc5 29. dxc5 R8xc5 30. Kf2 R5c4 31. Ra1 Ra4 32. Bc1 b4 33. Bb2 Rb3 34. Rc2 f5 35. Rc8+ Kf7 36. Be5 bxa3 37. Rac1 Rb7 38. Rh8 Rc4 39. Rxc4 dxc4 1-0

[Event "Oberfranken-ch"]
[Site "Schney"]
[Date "2011.01.05"]
[Round "6"]
[White "Pfadenhauer, Johannes"]
[Black "Schulz, Horst"]
[Result "1-0"]
[WhiteElo "1926"]
[BlackElo "1544"]
[PlyCount "135"]
[EventDate "2011.01.03"]
[EventType "swiss"]
[EventRounds "7"]
[EventCountry "GER"]
[SourceTitle "EXT 2015"]
[Source "ChessBase"]
[SourceDate "2014.11.20"]
[SourceVersion "1"]
[SourceVersionDate "2014.11.20"]
[SourceQuality "1"]

1. d4 d5 2. c4 c6 3. Nf3 Nf6 4. Nc3 e6 5. e3 Be7 6. Bd3 Nbd7 7. 0-0 0-0 8. b3 h6 9. Bb2 Nh7 10. Qc2 Ng5 11. Nd2 f5 12. f4 Ne4 13. Nf3 Ndf6 14. Ne5 Qe8 15. Qe2 Bd6 16. Nb1 b6 17. Ba3 Bxa3 18. Nxa3 Bb7 19. b4 Nd7 20. Nxd7 Qxd7 21. c5 b5 22. Nc2 Rf6 23. Ne1 a5 24. Nc2 a4 25. Ne1 Raf8 26. Nf3 Qe8 27. Ne5 Bc8 28. Rac1 Bd7 29. Qd1 Qc8 30. Be2 Be8 31. Rc2 Qb7 32. Bf3 Kh7 33. g4 g5 34. Bxe4 fxe4 35. Rcf2 gxf4 36. Rxf4 Rxf4 37. Rxf4 Rxf4 38. exf4 Qg7 39. Kg2 Qf6 40. Qd2 Qh4 41. Qf2 Qxf2+ 42. Kxf2 Kg7 43. Kg3 Kf6 44. Kh4 Kg7 45. Kg3 Kf6 46. Kh3 Kg7 47. Kg2 a3 48. Kf2 Kf6 49. Ke3 Kg7 50. Kd2 Kf6 51. Kc3 h5 52. h3 hxg4 53. hxg4 Bg6 54. Nxc6 e3 55. Ne5 Be4 56. g5+ Ke7 57. Ng4 Bb1 58. Nxe3 Bxa2 59. Nc2 Bb1 60. Nxa3 Bg6 61. Nxb5 Be8 62. Nd6 Ba4 63. b5 Kd7 64. b6 Bc6 65. g6 e5 66. fxe5 Ke7 67. g7 Ba8 68. g8Q 1-0

[Event "Oberfranken-ch"]
[Site "Schney"]
[Date "2011.01.04"]
[Round "3"]
[White "Schulz, Horst"]
[Black "Franz, Juergen"]
[Result "1-0"]
[WhiteElo "1544"]
[BlackElo "1694"]
[PlyCount "49"]
[EventDate "2011.01.03"]
[EventType "swiss"]
[EventRounds "7"]
[EventCountry "GER"]
[SourceTitle "EXT 2015"]
[Source "ChessBase"]
[SourceDate "2014.11.20"]
[SourceVersion "1"]
[SourceVersionDate "2014.11.20"]
[SourceQuality "1"]

1. d4 Nf6 2. e3 g6 3. c4 Bg7 4. Bd3 d5 5. Nc3 0-0 6. Nge2 Re8 7. 0-0 c6 8. Bd2 Nbd7 9. Rc1 e5 10. cxd5 cxd5 11. Nb5 e4 12. Bb1 Nb6 13. Nc7 Rb8 14. Nxe8 Qxe8 15. Bc3 Nc4 16. a3 Be6 17. Ba2 Nd6 18. Nf4 Bg4 19. Qd2 Qd7 20. Bb4 Bf3 21. Bxd6 Qg4 22. h3 Qg5 23. Kh2 Ng4+ 24. hxg4 Qxg4 25. Rg1 1-0

[Event "Oberfranken-ch"]
[Site "Schney"]
[Date "2011.01.03"]
[Round "1"]
[White "Schulz, Horst"]
[Black "Laustsen, Karl Johann"]
[Result "0-1"]
[WhiteElo "1544"]
[BlackElo "1766"]
[PlyCount "174"]
[EventDate "2011.01.03"]
[EventType "swiss"]
[EventRounds "7"]
[EventCountry "GER"]
[SourceTitle "EXT 2015"]
[Source "ChessBase"]
[SourceDate "2014.11.20"]
[SourceVersion "1"]
[SourceVersionDate "2014.11.20"]
[SourceQuality "1"]

1. d4 Nf6 2. e3 e6 3. Bd3 d5 4. Nd2 c5 5. c3 Nc6 6. Ngf3 Be7 7. 0-0 0-0 8. b3 b6 9. Bb2 Bb7 10. Qb1 Rc8 11. Rd1 cxd4 12. Nxd4 Nxd4 13. cxd4 Qd7 14. Nf3 g6 15. Rc1 Rfd8 16. Rxc8 Rxc8 17. Qe1 Bd6 18. Rc1 Rc7 19. Rxc7 Qxc7 20. Qc1 Qe7 21. Ne5 Qc7 22. Qxc7 Bxc7 23. Ba3 Kg7 24. f3 Ne8 25. Kh1 Bd6 26. Bc1 f6 27. Ng4 Nc7 28. a3 Bc6 29. e4 Bb5 30. Bc2 Be2 31. e5 fxe5 32. dxe5 Be7 33. Nf2 Nb5 34. b4 Nd4 35. Bd3 Bxd3 36. Nxd3 Nc6 37. g3 Bd8 38. Kg2 Be7 39. f4 Nd4 40. h4 Kf7 41. Bb2 Nc6 42. Kf3 Kg7 43. Ne1 Nd8 44. Nc2 Nc6 45. Nd4 Nxd4+ 46. Bxd4 Kf7 47. Kg4 Bd8 48. h5 Ke8 49. hxg6 hxg6 50. Kf3 Kd7 51. a4 Be7 52. b5 Ke8 53. g4 Kf7 54. g5 Ke8 55. Ke3 Kd7 56. Kd3 Kc7 57. Kc3 Ba3 58. Kb3 Bc1 59. a5 Bxf4 60. axb6+ axb6 61. Kc2 Bxg5 62. Kd3 Be7 63. Ke2 Bc5 64. Bc3 Kd7 65. Kf3 Ke7 66. Kg3 Kf7 67. Kg4 Kg7 68. Bd2 Bd4 69. Bf4 Bc3 70. Kf3 Bd4 71. Kg4 Bc3 72. Kf3 g5 73. Bxg5 Bxe5 74. Ke3 Bc7 75. Kd4 Kg6 76. Be7 Kf5 77. Bh4 Bd6 78. Be1 Bc5+ 79. Kd3 e5 80. Bd2 e4+ 81. Ke2 d4 82. Bh6 Ke5 83. Bg7+ Kd5 84. Kd2 Kc4 85. Kc2 d3+ 86. Kd2 e3+ 87. Kd1 e2+ 0-1